Estadísticas para Países con el Mayor Número de Ganadores de Premios Nobel per Cápita

Haz click aquí para intentar la prueba.

Estadísticas generales

  • Esta prueba ha sido intentada 997 veces
  • La puntuación promedio es 13 de 20

Estadísticas de respuestas

Por millónPaís% Correcto
1.14Estados Unidos
94%
0.963Francia
86%
1.33Alemania
84%
3.07Suecia
84%
2.50Noruega
83%
2.04Reino Unido
83%
0.909Finlandia
77%
3.13Suiza
77%
1.18Países Bajos
72%
0.885Bélgica
71%
2.46Austria
70%
2.47Dinamarca
70%
1.49Irlanda
65%
3.53Luxemburgo
59%
3.04Islandia
57%
10.8Santa Lucía
50%
0.913Hungría
49%
1.49Israel
45%
0.858Chipre
21%
1.69Timor Oriental
9%

Distribución de puntuación

Porcentaje por número respondido

Porcentaje de gente con cada puntuación

Historial de tus puntuaciones

No has intentado esta prueba.